| 000 | 00672nam a2200181 a 4500 | ||
|---|---|---|---|
| 001 | 000026139 | ||
| 005 | 20200930024333.0 | ||
| 008 | 101013s1990 cu a 000 | spa d | ||
| 040 |
_aDO-SdBNP _bspa _cBNPHU |
||
| 082 |
_axxx _bR177c |
||
| 100 | 1 |
_aRamírez, Alicia Elizundia _953113 |
|
| 245 | 1 | 0 |
_aCúspide : _bevocación de un ayer con presente / _cAlicia Elizundia Ramírez, Joaquín Borges Triana; edición José Rodríguez Feo. |
| 260 |
_aCiudada de la Habana : _bUnión de Escritores y Artistas de Cuba, _c1990. |
||
| 300 |
_a283 p. : _bil. ; _c18 cm. |
||
| 700 | 1 |
_aRodríguez Feo , José , _eed. _916879 |
|
| 700 | 1 |
_aBorges Triana, Joaquín , _953114 |
|
| 049 | _aBNGR | ||
| 999 |
_c25631 _d25631 |
||